[Event "Harburg_ch Gruppe C"]
[Site "Hamburg"]
[Date "2011.08.20"]
[Round "3"]
[White "Fluechter, Gregor"]
[Black "Peters, Thomas"]
[Result "1-0"]
[WhiteElo "1832"]
[BlackElo "1851"]
[PlyCount "113"]
[EventDate "2011.08.19"]
[EventType "tourn"]
[EventRounds "1"]
[EventCountry "GER"]
[SourceDate "2011.08.19"]

1. e4 d5 2. exd5 Qxd5 3. Nf3 Bg4 4. Be2 Nf6 5. d4 e6 6. h3 Bf5 7. c4 Bb4+ 8.
Nc3 Qd6 9. O-O Bxc3 10. bxc3 O-O 11. Qb3 Qb6 12. Qa4 Qc6 13. Qb3 Qb6 14. Qd1 h6
15. Ba3 Re8 16. Bc5 Qb2 17. Bd3 Qxc3 18. Bxf5 exf5 19. Rc1 Qa5 20. Qb3 Nbd7 21.
Bb4 Qb6 22. c5 Qb5 23. a4 Qc6 24. Bc3 Nd5 25. Bd2 Re4 26. Rb1 b6 27. cxb6 cxb6
28. Rfc1 Qe6 29. Qb5 a6 30. Qd3 f6 31. Nh2 Qd6 32. Nf1 Nf4 33. Bxf4 Qxf4 34.
Qc4+ Kh7 35. Qc6 Ra7 36. g3 Qg5 37. d5 f4 38. d6 Re2 39. Re1 Ne5 40. Qc3 Rxe1
41. Rxe1 Qh5 42. g4 Qh4 43. Nh2 h5 44. Nf3 Nxf3+ 45. Qxf3 hxg4 46. hxg4 Rd7 47.
Qxf4 Qg5 48. Qe4+ f5 49. Qh1+ Kg6 50. Re6+ Kf7 51. Qd5 Qxg4+ 52. Kf1 Qh3+ 53.
Ke2 Qg4+ 54. Ke1 Qg1+ 55. Kd2 Qg5+ 56. Kc2 f4 57. Re5+ 1-0

[Event "Harburg_ch Gruppe C"]
[Site "Hamburg"]
[Date "2011.08.20"]
[Round "3"]
[White "Hagenlueke, Thomas"]
[Black "Tscherepanov, Leon"]
[Result "1-0"]
[WhiteElo "1999"]
[BlackElo "1841"]
[PlyCount "75"]
[EventDate "2011.08.19"]
[EventType "tourn"]
[EventRounds "1"]
[EventCountry "GER"]
[SourceDate "2011.08.19"]

1. d4 e6 2. c4 d5 3. Nc3 Nf6 4. cxd5 exd5 5. Bg5 Be7 6. Qc2 O-O 7. e3 c6 8. Bd3
h6 9. Bh4 Bg4 10. f3 Be6 11. Nge2 Nbd7 12. O-O Nh5 13. Bxe7 Qxe7 14. Rad1 f5
15. Rfe1 Qg5 16. Nf4 Nxf4 17. exf4 Qf6 18. Qf2 Rae8 19. Ne2 g6 20. Nc1 Re7 21.
Bc2 Rfe8 22. Nd3 Bf7 23. Ne5 Nf8 24. b4 a6 25. Bd3 Ne6 26. g3 g5 27. fxg5 hxg5
28. f4 gxf4 29. gxf4 Bh5 30. Be2 Bxe2 31. Rxe2 Rg7+ 32. Kh1 Kh8 33. Re3 Reg8
34. Rh3+ Rh7 35. Rxh7+ Kxh7 36. Rd3 Kg7 37. Rg3+ Kf8 38. Nd7+ 1-0

[Event "Harburg_ch Gruppe D"]
[Site "Hamburg"]
[Date "2011.08.19"]
[Round "1"]
[White "Voege, Tobias"]
[Black "Kolschewski, Tobias"]
[Result "1-0"]
[WhiteElo "1744"]
[BlackElo "1731"]
[PlyCount "61"]
[EventDate "2011.08.19"]
[EventType "tourn"]
[EventRounds "1"]
[EventCountry "GER"]
[SourceDate "2011.08.19"]

1. d4 Nf6 2. c4 c5 3. d5 e6 4. Nc3 exd5 5. cxd5 d6 6. e4 g6 7. Bb5+ Bd7 8. Bc4
a6 9. a4 Bg7 10. f4 O-O 11. e5 Re8 12. Qe2 Bg4 13. Nf3 Bxf3 14. gxf3 Nh5 15. e6
Qh4+ 16. Qf2 Qd8 17. Be3 Bh6 18. O-O-O Bxf4 19. Bxf4 Nxf4 20. Rhe1 h6 21. Ne4
fxe6 22. dxe6 Qe7 23. Nxd6 Rd8 24. Qg3 g5 25. Nf5 Rxd1+ 26. Rxd1 Ne2+ 27. Bxe2
Qxe6 28. Rd8+ Kf7 29. Qc7+ Nd7 30. Rxd7+ Kf8 31. Qd6+ 1-0

[Event "Harburg_ch Gruppe D"]
[Site "Hamburg"]
[Date "2011.08.19"]
[Round "1"]
[White "Willner, Thomas"]
[Black "Schwarzkopf, Joerg"]
[Result "0-1"]
[WhiteElo "1872"]
[BlackElo "1756"]
[PlyCount "74"]
[EventDate "2011.08.19"]
[EventType "tourn"]
[EventRounds "1"]
[EventCountry "GER"]
[SourceDate "2011.08.19"]

1. e4 c5 2. Nf3 Nc6 3. d4 cxd4 4. Nxd4 Nf6 5. Nc3 e5 6. Ndb5 d6 7. Nd5 Nxd5 8.
exd5 Ne7 9. c4 Ng6 10. Be3 a6 11. Nc3 Be7 12. b4 O-O 13. Na4 f5 14. g3 f4 15.
Bb6 Qe8 16. Qb3 e4 17. O-O-O Bg4 18. Re1 Bf3 19. Rg1 Bg5 20. Kb2 fxg3 21. hxg3
Bd2 22. Rb1 Ne5 23. Kc2 Bg5 24. Nb2 Bh5 25. Bg2 Nf3 26. Rgd1 Bg6 27. Be3 b5 28.
c5 Bxe3 29. Qxe3 a5 30. a3 axb4 31. axb4 dxc5 32. bxc5 b4 33. Nc4 Ra2+ 34. Rb2
Qa4+ 35. Qb3 e3+ 36. Rd3 Nd4+ 37. Kc1 Ra1+ 0-1

[Event "Harburg_ch Gruppe D"]
[Site "Hamburg"]
[Date "2011.08.19"]
[Round "1"]
[White "Xin, Ruidi"]
[Black "Topuz, Soner Marcel"]
[Result "0-1"]
[WhiteElo "1752"]
[BlackElo "1857"]
[PlyCount "44"]
[EventDate "2011.08.19"]
[EventType "tourn"]
[EventRounds "1"]
[EventCountry "GER"]
[SourceDate "2011.08.19"]

1. d4 d5 2. Bg5 h6 3. Bh4 Nf6 4. c4 e6 5. Nc3 Be7 6. Nf3 O-O 7. e3 Ne4 8. Bxe7
Qxe7 9. Qc2 Nxc3 10. Qxc3 dxc4 11. Bxc4 Nd7 12. O-O c6 13. b4 b6 14. b5 cxb5
15. Bxb5 Bb7 16. Qc7 Bxf3 17. gxf3 Qg5+ 18. Kh1 Qxb5 19. a4 Rac8 20. Qxa7 Qc6
21. e4 Ra8 22. d5 exd5 0-1

[Event "Harburg_ch Gruppe D"]
[Site "Hamburg"]
[Date "2011.08.20"]
[Round "2"]
[White "Kolschewski, Tobias"]
[Black "Schwarzkopf, Joerg"]
[Result "1/2-1/2"]
[WhiteElo "1731"]
[BlackElo "1756"]
[PlyCount "84"]
[EventDate "2011.08.19"]
[EventType "tourn"]
[EventRounds "1"]
[EventCountry "GER"]
[SourceDate "2011.08.19"]

1. c4 e5 2. g3 d6 3. Bg2 f5 4. d3 Nf6 5. Nc3 Be7 6. e3 O-O 7. Nge2 c6 8. O-O
Be6 9. f4 Qc7 10. b3 a5 11. h3 Na6 12. e4 fxe4 13. dxe4 Rad8 14. Bd2 d5 15.
cxd5 cxd5 16. Rc1 Qb6+ 17. Kh2 Ba3 18. Rb1 dxe4 19. Bxe4 Nxe4 20. Nxe4 Bf5 21.
N2c3 Nc5 22. Nxc5 Bxb1 23. N5a4 Qd6 24. Nxb1 b5 25. Nac3 Bb4 26. Ne4 Qd3 27.
Nf2 Qd4 28. Bxb4 Qxb4 29. Qe2 exf4 30. gxf4 Qxf4+ 31. Kg2 Rd6 32. Qxb5 Rg6+ 33.
Ng4 Qe4+ 34. Kh2 Rc8 35. Qd7 Rc2+ 36. Nd2 h5 37. Rf2 Rxd2 38. Qxd2 hxg4 39. Rg2
gxh3 40. Rxg6 Qxg6 41. Qd8+ Kh7 42. Qh4+ Kg8 1/2-1/2

[Event "Harburg_ch Gruppe D"]
[Site "Hamburg"]
[Date "2011.08.20"]
[Round "2"]
[White "Topuz, Soner Marcel"]
[Black "Willner, Thomas"]
[Result "1-0"]
[WhiteElo "1857"]
[BlackElo "1872"]
[PlyCount "81"]
[EventDate "2011.08.19"]
[EventType "tourn"]
[EventRounds "1"]
[EventCountry "GER"]
[SourceDate "2011.08.19"]

1. e4 e5 2. Nf3 Nc6 3. Bb5 Nd4 4. Ba4 Nxf3+ 5. Qxf3 Qf6 6. Qxf6 Nxf6 7. O-O Bc5
8. Nc3 c6 9. d3 O-O 10. Bb3 h6 11. h3 b5 12. Kh1 Nh5 13. Ne2 g5 14. Be3 Bb6 15.
g3 d6 16. Kh2 Be6 17. d4 Bxb3 18. axb3 f6 19. Ra6 c5 20. d5 b4 21. g4 Ng7 22.
Ng3 Kf7 23. c3 bxc3 24. bxc3 Rab8 25. Rb1 Rb7 26. b4 cxb4 27. Rxb4 Rfb8 28.
Bxb6 axb6 29. Kg2 Ke7 30. Kf3 Kd7 31. Ke3 Kc7 32. Kd3 Kd7 33. Rb1 Kc8 34. Rh1
Rc7 35. h4 Kb7 36. Ra3 Ra8 37. Rxa8 Kxa8 38. hxg5 hxg5 39. Rh7 Kb7 40. Nh5 Nxh5
41. Rxc7+ 1-0

[Event "Harburg_ch Gruppe D"]
[Site "Hamburg"]
[Date "2011.08.20"]
[Round "3"]
[White "Schwarzkopf, Joerg"]
[Black "Topuz, Soner Marcel"]
[Result "1-0"]
[WhiteElo "1756"]
[BlackElo "1857"]
[PlyCount "43"]
[EventDate "2011.08.19"]
[EventType "tourn"]
[EventRounds "1"]
[EventCountry "GER"]
[SourceDate "2011.08.19"]

1. e4 c6 2. Nc3 d5 3. Nf3 dxe4 4. Nxe4 Bg4 5. Bc4 e6 6. h3 Bh5 7. g4 Bg6 8. Ng3
Nd7 9. h4 h6 10. h5 Bh7 11. d3 Ngf6 12. g5 hxg5 13. Bxg5 Qc7 14. Qe2 O-O-O 15.
O-O-O Bd6 16. Rh4 Nb6 17. h6 Bg6 18. hxg7 Rxh4 19. Bxh4 Be7 20. Ne5 Nxc4 21.
Nxg6 Nd6 22. Nxe7+ 1-0

[Event "Harburg_ch Gruppe D"]
[Site "Hamburg"]
[Date "2011.08.20"]
[Round "3"]
[White "Willner, Thomas"]
[Black "Voege, Tobias"]
[Result "1/2-1/2"]
[WhiteElo "1872"]
[BlackElo "1744"]
[PlyCount "114"]
[EventDate "2011.08.19"]
[EventType "tourn"]
[EventRounds "1"]
[EventCountry "GER"]
[SourceDate "2011.08.19"]

1. e4 c6 2. Nc3 d5 3. exd5 cxd5 4. Nf3 Nf6 5. d4 Bg4 6. Bb5+ Nc6 7. Qd3 a6 8.
Bxc6+ bxc6 9. Ne5 Qc8 10. Na4 Bf5 11. Qe2 Rb8 12. Nc5 e6 13. Nxa6 Rb5 14. Nc5
Bxc5 15. dxc5 Rxc5 16. Nd3 Bxd3 17. Qxd3 e5 18. b3 d4 19. Bd2 Rd5 20. Bb4 Qb8
21. Qc4 Qb6 22. a4 c5 23. Bd2 O-O 24. a5 Qa7 25. O-O e4 26. Rfe1 Re8 27. h3
Rde5 28. Bf4 R5e6 29. Qb5 Nd5 30. Bg3 Nb4 31. Qc4 d3 32. cxd3 exd3 33. Rxe6
Rxe6 34. Bf4 h6 35. Be3 Re5 36. Qxb4 Rxe3 37. Qc4 Re6 38. Qxd3 g6 39. Qc3 Ra6
40. Re1 Qa8 41. Qxc5 Rxa5 42. Re8+ Qxe8 43. Qxa5 Qe6 44. Qc3 Qd6 45. b4 Qd1+
46. Kh2 Qd6+ 47. g3 Kf8 48. Qc5 Qxc5 49. bxc5 Ke7 50. Kg2 Ke6 51. Kf3 Kd5 52.
Kf4 f6 53. g4 Kxc5 54. h4 Kd5 55. f3 Ke6 56. Ke4 f5+ 57. Kf4 fxg4 1/2-1/2

[Event "Harburg_ch Gruppe D"]
[Site "Hamburg"]
[Date "2011.08.20"]
[Round "3"]
[White "Xin, Ruidi"]
[Black "Kolschewski, Tobias"]
[Result "1/2-1/2"]
[WhiteElo "1752"]
[BlackElo "1731"]
[PlyCount "43"]
[EventDate "2011.08.19"]
[EventType "tourn"]
[EventRounds "1"]
[EventCountry "GER"]
[SourceDate "2011.08.19"]

1. d4 Nf6 2. c4 c5 3. d5 e6 4. Nc3 exd5 5. cxd5 d6 6. e4 g6 7. Bb5+ Nfd7 8. a4
Bg7 9. f4 O-O 10. Nf3 Re8 11. Qe2 Na6 12. O-O Nc7 13. Bc4 Nb6 14. Bb3 Bg4 15.
h3 Bxf3 16. Qxf3 Qe7 17. Bc2 Na6 18. f5 Bd4+ 19. Kh1 Nb4 20. Bb1 Nd7 21. Nb5
Bh8 22. Qf2 1/2-1/2

[Event "Harburg_ch Gruppe E"]
[Site "Hamburg"]
[Date "2011.08.19"]
[Round "1"]
[White "Evers, Annika"]
[Black "Klausch, Uwe"]
[Result "0-1"]
[WhiteElo "1689"]
[BlackElo "1803"]
[PlyCount "80"]
[EventDate "2011.08.19"]
[EventType "tourn"]
[EventRounds "1"]
[EventCountry "GER"]
[SourceDate "2011.08.19"]

1. d4 Nf6 2. Nf3 g6 3. Bg5 Bg7 4. e3 O-O 5. Bd3 d6 6. Nbd2 c5 7. c3 Nc6 8. Qc2
Re8 9. O-O-O a6 10. h4 Ng4 11. Ne4 f5 12. Ng3 Qa5 13. Bc4+ e6 14. a3 d5 15. Bb3
c4 16. Ba2 b5 17. Kb1 Bf8 18. Qe2 Rb8 19. Bf4 Rb7 20. Ne5 Ngxe5 21. Bxe5 b4 22.
cxb4 Bxb4 23. axb4 Nxb4 24. Bxc4 dxc4 25. Qxc4 Bd7 26. Bd6 Nd5 27. Rc1 Rc8 28.
Bc5 Rcb8 29. Rc2 Ba4 30. Re2 Nc3+ 31. Kc1 Nxe2+ 32. Nxe2 Bb3 33. Qd3 Qa1+ 34.
Qb1 Qxb1+ 35. Kxb1 Ba2+ 36. Ka1 Rxb2 37. Nc3 Bc4 38. Bd6 R8b7 39. Ba3 Rc2 40.
Rb1 Rxb1+ 0-1

[Event "Harburg_ch Gruppe E"]
[Site "Hamburg"]
[Date "2011.08.19"]
[Round "1"]
[White "Fruechel, Marcel"]
[Black "Egelriede, Nikolas"]
[Result "0-1"]
[WhiteElo "1892"]
[BlackElo "1770"]
[PlyCount "98"]
[EventDate "2011.08.19"]
[EventType "tourn"]
[EventRounds "1"]
[EventCountry "GER"]
[SourceDate "2011.08.19"]

1. d4 d5 2. Bf4 Nf6 3. e3 Bg4 4. Nf3 e6 5. Nbd2 Be7 6. Bd3 Nbd7 7. h3 Bh5 8.
O-O O-O 9. c3 c5 10. Re1 Qb6 11. Rb1 Rac8 12. Qe2 Rfe8 13. Qf1 Bd6 14. Ne5 Qc7
15. Nxd7 Nxd7 16. Bxd6 Qxd6 17. f4 f5 18. Nf3 Nf6 19. Ne5 Rf8 20. Qf2 Rc7 21.
Qh4 Be8 22. g4 g6 23. Re2 cxd4 24. gxf5 exf5 25. exd4 Ne4 26. Kh1 Bc6 27. Rg1
Qf6 28. Qh6 Be8 29. Reg2 Rg7 30. c4 Qe6 31. cxd5 Qd6 32. Qh4 Nf6 33. Bc4 Nxd5
34. Qg3 Kh8 35. Qf3 Nb6 36. Qd3 Nxc4 37. Qxc4 Rc7 38. Qd3 Qd5 39. Kh2 Bb5 40.
Qa3 Rd8 41. Qg3 Be8 42. Qh4 Kg7 43. Qg5 Rd6 44. h4 Qxa2 45. h5 Qe6 46. h6+ Kg8
47. Rg3 Rc2+ 48. Kh3 Rxb2 49. Nf3 Rb3 0-1

[Event "Harburg_ch Gruppe E"]
[Site "Hamburg"]
[Date "2011.08.19"]
[Round "1"]
[White "Raasch, Peter"]
[Black "Schuette, Ulrich"]
[Result "0-1"]
[WhiteElo "1900"]
[BlackElo "1817"]
[PlyCount "72"]
[EventDate "2011.08.19"]
[EventType "tourn"]
[EventRounds "1"]
[EventCountry "GER"]
[SourceDate "2011.08.19"]

1. d4 d5 2. g3 e6 3. Bg2 f5 4. Nf3 Nf6 5. O-O Bd6 6. c4 c6 7. Nbd2 Qe7 8. c5
Bc7 9. b4 Nbd7 10. a4 e5 11. dxe5 Nxe5 12. Bb2 O-O 13. Ra3 Ne4 14. Qc2 Ng4 15.
h3 Nxg3 16. hxg4 Nxe2+ 17. Kh1 fxg4 18. Re3 Ng3+ 19. Kg1 Ne2+ 20. Rxe2 Qxe2 21.
Qc3 Qe7 22. Re1 Qf7 23. Ng5 Qg6 24. Ne6 Bxe6 25. Rxe6 Qf7 26. Re2 Rae8 27. Qd3
Rxe2 28. Qxe2 g3 29. f3 Re8 30. Qd1 Bf4 31. Bd4 Qe7 32. Nf1 Qg5 33. Qd3 Re1 34.
Qc3 Bd2 35. Qd3 Qh6 36. Bh3 Qxh3 0-1

[Event "Harburg_ch Gruppe E"]
[Site "Hamburg"]
[Date "2011.08.20"]
[Round "2"]
[White "Egelriede, Nikolas"]
[Black "Klausch, Uwe"]
[Result "0-1"]
[WhiteElo "1770"]
[BlackElo "1803"]
[PlyCount "62"]
[EventDate "2011.08.19"]
[EventType "tourn"]
[EventRounds "1"]
[EventCountry "GER"]
[SourceDate "2011.08.19"]

1. e4 e5 2. Bc4 Nf6 3. d3 Be7 4. Nf3 Nc6 5. c3 d6 6. Bb3 O-O 7. O-O Be6 8. Bc2
d5 9. Qe2 dxe4 10. dxe4 a6 11. a4 Bd6 12. Bg5 h6 13. Bh4 g5 14. Bg3 Nh5 15.
Nbd2 Nf4 16. Bxf4 gxf4 17. Nc4 Kh8 18. Nxd6 cxd6 19. Rfd1 Qe7 20. Ne1 Rg8 21.
Rd2 Na5 22. Rdd1 Rg6 23. f3 Rag8 24. b4 Nc4 25. Bd3 Ne3 26. Rd2 Bh3 27. g3 Nf1
28. g4 Nxd2 29. Qxd2 h5 30. Be2 hxg4 31. fxg4 Bxg4 0-1

[Event "Harburg_ch Gruppe E"]
[Site "Hamburg"]
[Date "2011.08.20"]
[Round "2"]
[White "Fruechel, Marcel"]
[Black "Raasch, Peter"]
[Result "1-0"]
[WhiteElo "1892"]
[BlackElo "1900"]
[PlyCount "65"]
[EventDate "2011.08.19"]
[EventType "tourn"]
[EventRounds "1"]
[EventCountry "GER"]
[SourceDate "2011.08.19"]

1. d4 d5 2. Bf4 Nf6 3. e3 e6 4. Nd2 c5 5. c3 Bd7 6. Bd3 b5 7. Ngf3 c4 8. Bc2 a5
9. Ne5 Bc6 10. Nxc6 Nxc6 11. e4 dxe4 12. Nxe4 Nd5 13. Qf3 Be7 14. h3 a4 15. a3
Ra7 16. Bh2 O-O 17. O-O Qc8 18. Rfe1 f5 19. Nd2 Bg5 20. Qe2 Re8 21. Nf3 Bf4 22.
Bxf4 Nxf4 23. Qd2 Ng6 24. Rad1 Rd7 25. Qg5 Kf7 26. Qh5 Qd8 27. Ng5+ Kf6 28.
Nxh7+ Kf7 29. Bxf5 exf5 30. Qxf5+ Kg8 31. Qxg6 Rf7 32. Ng5 Rfe7 33. Qh7+ 1-0

[Event "Harburg_ch Gruppe E"]
[Site "Hamburg"]
[Date "2011.08.20"]
[Round "2"]
[White "Schuette, Ulrich"]
[Black "Evers, Annika"]
[Result "0-1"]
[WhiteElo "1817"]
[BlackElo "1689"]
[PlyCount "82"]
[EventDate "2011.08.19"]
[EventType "tourn"]
[EventRounds "1"]
[EventCountry "GER"]
[SourceDate "2011.08.19"]

1. e4 c5 2. Nc3 Nc6 3. f4 g6 4. Nf3 Bg7 5. Bb5 e6 6. Bxc6 bxc6 7. d3 d5 8. O-O
Ne7 9. Bd2 O-O 10. b3 Ba6 11. Rb1 Nc8 12. Na4 dxe4 13. Nxc5 exf3 14. Nxa6 Qb6+
15. Kh1 Qxa6 16. Qxf3 Nb6 17. a4 Nd5 18. c4 Ne7 19. Bb4 Rfe8 20. Rfd1 Nf5 21.
g4 Nd4 22. Qf2 Qb7 23. Bc5 Red8 24. b4 Bf8 25. Bxd4 c5+ 26. Kg1 cxd4 27. b5 Qc7
28. Rbc1 Bd6 29. Rf1 f5 30. g5 Bc5 31. Rce1 Re8 32. Re2 Re7 33. Qh4 Rae8 34.
Rf3 e5 35. fxe5 Rxe5 36. Ref2 Re3 37. Kg2 Qb7 38. Qf4 Rxd3 39. Kf1 Rd1+ 40. Kg2
Re3 41. Kh3 Rdd3 0-1

[Event "Harburg_ch Gruppe E"]
[Site "Hamburg"]
[Date "2011.08.20"]
[Round "3"]
[White "Evers, Annika"]
[Black "Fruechel, Marcel"]
[Result "1/2-1/2"]
[WhiteElo "1689"]
[BlackElo "1892"]
[PlyCount "55"]
[EventDate "2011.08.19"]
[EventType "tourn"]
[EventRounds "1"]
[EventCountry "GER"]
[SourceDate "2011.08.19"]

1. d4 Nf6 2. Nf3 e6 3. e3 c5 4. Bd3 d5 5. b3 Be7 6. O-O Bd7 7. Bb2 O-O 8. Nbd2
Nc6 9. a3 a6 10. Ne5 Qb6 11. dxc5 Qxc5 12. Nxd7 Nxd7 13. Qh5 g6 14. Qh6 Bf6 15.
Bxf6 Nxf6 16. Qg5 Qc3 17. Rad1 Kg7 18. e4 Ne5 19. Nb1 Qb2 20. exd5 Nxd3 21.
Rxd3 Qxc2 22. Rc3 Qe4 23. dxe6 Qxe6 24. Re3 Qc6 25. Nd2 Rfe8 26. Nc4 Rad8 27.
h3 Rd5 28. Qf4 1/2-1/2

[Event "Harburg_ch Gruppe E"]
[Site "Hamburg"]
[Date "2011.08.20"]
[Round "3"]
[White "Klausch, Uwe"]
[Black "Schuette, Ulrich"]
[Result "1/2-1/2"]
[WhiteElo "1803"]
[BlackElo "1817"]
[PlyCount "81"]
[EventDate "2011.08.19"]
[EventType "tourn"]
[EventRounds "1"]
[EventCountry "GER"]
[SourceDate "2011.08.19"]

1. e4 c6 2. d4 d5 3. Nc3 dxe4 4. Nxe4 Bf5 5. Ng3 Bg6 6. h4 h6 7. Nf3 Nd7 8. h5
Bh7 9. Bd3 Bxd3 10. Qxd3 e6 11. Bd2 Ngf6 12. O-O-O Qc7 13. Ne4 Be7 14. Kb1
O-O-O 15. Nxf6 Bxf6 16. Qe2 c5 17. c3 Kb8 18. g3 Ka8 19. Bf4 Qb6 20. Rd2 Rhe8
21. Rc1 Qc6 22. Rcd1 c4 23. Ne5 Nxe5 24. dxe5 Be7 25. Rd4 Rc8 26. Be3 b5 27.
Rd7 Rc7 28. Qd2 Rec8 29. Qd4 f5 30. exf6 Bxf6 31. Qd6 Qe4+ 32. Kc1 Qe5 33. Kb1
Rxd7 34. Qxd7 Qe4+ 35. Kc1 Qb7 36. Qxe6 Rc6 37. Qg8+ Rc8 38. Qe6 Rc6 39. Qd7
Rc7 40. Qe8+ Rc8 41. Qd7 1/2-1/2

[Event "Harburg_ch Gruppe E"]
[Site "Hamburg"]
[Date "2011.08.20"]
[Round "3"]
[White "Raasch, Peter"]
[Black "Egelriede, Nikolas"]
[Result "1-0"]
[WhiteElo "1900"]
[BlackElo "1770"]
[PlyCount "63"]
[EventDate "2011.08.19"]
[EventType "tourn"]
[EventRounds "1"]
[EventCountry "GER"]
[SourceDate "2011.08.19"]

1. d4 d5 2. c4 c6 3. Nc3 dxc4 4. a4 Nf6 5. g3 Bf5 6. Bg2 e6 7. e4 Bg6 8. Nge2
Nbd7 9. O-O h6 10. d5 cxd5 11. exd5 exd5 12. Nxd5 Qa5 13. Nec3 Bf5 14. Bf4 Nxd5
15. Nxd5 Rc8 16. Bd2 Qa6 17. Re1+ Be6 18. Nf4 Nc5 19. Bb4 Rd8 20. Qh5 g6 21.
Qe5 Rg8 22. Bxc5 Bg7 23. Qc7 Rd7 24. Nxe6 fxe6 25. Qc8+ Rd8 26. Rxe6+ Kf7 27.
Re7+ Kf6 28. Qc7 g5 29. Qe5+ Kg6 30. Be4+ Kh5 31. g4+ Kxg4 32. Qg3+ 1-0

[Event "Harburg_ch Gruppe F"]
[Site "Hamburg"]
[Date "2011.08.19"]
[Round "1"]
[White "Dinse, Michael"]
[Black "Malchau, Jochen"]
[Result "1/2-1/2"]
[WhiteElo "1673"]
[BlackElo "1660"]
[PlyCount "114"]
[EventDate "2011.08.19"]
[EventType "tourn"]
[EventRounds "1"]
[EventCountry "GER"]
[SourceDate "2011.08.19"]

1. d4 d5 2. c4 e6 3. Nc3 Nf6 4. Bg5 c6 5. Nf3 Nbd7 6. e3 Qa5 7. Bxf6 Nxf6 8.
Bd3 dxc4 9. Bxc4 Ne4 10. Qb3 Bb4 11. Rc1 O-O 12. O-O Nxc3 13. bxc3 Be7 14. Rb1
Qc7 15. Bd3 Bf6 16. Nd2 g6 17. Rfc1 b6 18. Qa4 Bb7 19. Ba6 b5 20. Bxb5 cxb5 21.
Qxb5 Rfb8 22. Qd3 Qc6 23. e4 Bg7 24. Qg3 Qc8 25. Rb3 Ba6 26. Rcb1 Rxb3 27. Rxb3
Bf8 28. h4 h5 29. f4 Kh7 30. Qg5 Qd8 31. Nf3 Be7 32. Qg3 Be2 33. Ng5+ Bxg5 34.
Qxg5 Qxg5 35. fxg5 Kg7 36. Kf2 Bc4 37. Ra3 a6 38. Ke3 Rc8 39. Kf4 Bb5 40. g4
hxg4 41. Kxg4 Rc4 42. Kf4 Rc7 43. Ke3 Rc8 44. Kf4 f5 45. exf5 exf5 46. h5 Re8
47. h6+ Kf7 48. Rb3 Re4+ 49. Kf3 Re7 50. a3 Rc7 51. Kf4 Ke6 52. a4 Be8 53. Rb6+
Kf7 54. Rxa6 Rxc3 55. Ra7+ Kg8 56. Ra8 Kf7 57. Ra7+ Kg8 1/2-1/2

[Event "Harburg_ch Gruppe F"]
[Site "Hamburg"]
[Date "2011.08.19"]
[Round "1"]
[White "Klemt, Gerhard"]
[Black "Sakel, Nicolai"]
[Result "0-1"]
[WhiteElo "1590"]
[BlackElo "1665"]
[PlyCount "84"]
[EventDate "2011.08.19"]
[EventType "tourn"]
[EventRounds "1"]
[EventCountry "GER"]
[SourceDate "2011.08.19"]

1. e4 Nf6 2. Nc3 d5 3. e5 Nfd7 4. d4 e6 5. Nf3 c5 6. Be3 Nc6 7. Bb5 Qb6 8. O-O
a6 9. Bxc6 bxc6 10. Na4 Qa5 11. b3 cxd4 12. Bxd4 c5 13. Bb2 Bb7 14. Nc3 Be7 15.
Ne2 O-O 16. Qd3 Rac8 17. c4 d4 18. Rfe1 Bxf3 19. Qxf3 Nxe5 20. Qh5 Nd3 21. Bxd4
Nxe1 22. Bc3 Qd8 23. Rxe1 Bf6 24. Qf3 Bxc3 25. Nxc3 Qg5 26. Re3 Rfd8 27. g3 Rc7
28. Qe4 Rd4 29. Qf3 Rcd7 30. Nd5 Qd8 31. Qe2 Kf8 32. Nf4 Rd1+ 33. Kg2 R7d2 34.
Qh5 Qa8+ 35. Kh3 h6 36. Qxc5+ Kg8 37. Qe5 Rxf2 38. Nxe6 Qg2+ 39. Kg4 f5+ 40.
Qxf5 Rxf5 41. Kxf5 Qf2+ 42. Ke4 Re1 0-1

[Event "Harburg_ch Gruppe F"]
[Site "Hamburg"]
[Date "2011.08.19"]
[Round "1"]
[White "Raedisch, Peter"]
[Black "Olschok, Juergen"]
[Result "1-0"]
[WhiteElo "1757"]
[BlackElo "1794"]
[PlyCount "62"]
[EventDate "2011.08.19"]
[EventType "tourn"]
[EventRounds "1"]
[EventCountry "GER"]
[SourceDate "2011.08.19"]

1. e4 d5 2. e5 Bf5 3. d4 e6 4. Nf3 c5 5. c3 Nc6 6. Be2 cxd4 7. cxd4 Bb4+ 8. Bd2
Nge7 9. Nc3 a6 10. a3 Bxc3 11. Bxc3 O-O 12. Nh4 Ng6 13. Nxf5 exf5 14. O-O Nf4
15. Bf3 Ne6 16. g3 Qb6 17. Bxd5 Ncxd4 18. Bxe6 Nxe6 19. Qf3 g6 20. Rad1 Rfd8
21. h4 Qc7 22. Rfe1 b5 23. Rd6 Rac8 24. Rxa6 Qc4 25. Rd6 Rxd6 26. exd6 Rd8 27.
Rd1 Qe4 28. Kg2 Nc5 29. Bb4 Qxf3+ 30. Kxf3 Ne4 31. Rd5 Nxd6 1-0

[Event "Harburg_ch Gruppe F"]
[Site "Hamburg"]
[Date "2011.08.20"]
[Round "2"]
[White "Klemt, Gerhard"]
[Black "Dinse, Michael"]
[Result "0-1"]
[WhiteElo "1590"]
[BlackElo "1673"]
[PlyCount "81"]
[EventDate "2011.08.19"]
[EventType "tourn"]
[EventRounds "1"]
[EventCountry "GER"]
[SourceDate "2011.08.19"]

1. e4 e6 2. d4 d5 3. exd5 exd5 4. Nf3 Nf6 5. Be2 c6 6. O-O Be7 7. Re1 O-O 8.
Bg5 h6 9. Bh4 Re8 10. Nbd2 Bf5 11. Nb3 Nbd7 12. c4 Bb4 13. Nbd2 g5 14. Bg3 Ne4
15. a3 Ba5 16. b4 Nc3 17. Qb3 Nxe2+ 18. Rxe2 Rxe2 19. bxa5 Qxa5 20. Qxb7 Rae8
21. Qb4 Qxb4 22. axb4 Nb6 23. cxd5 cxd5 24. Nf1 Nc8 25. Ne3 Be6 26. Rb1 Ra2 27.
h3 Nb6 28. Ng4 Bxg4 29. hxg4 f6 30. Kh2 Ree2 31. Ng1 Red2 32. Nf3 Rdb2 33. Rxb2
Rxb2 34. Bd6 Rxf2 35. Kg3 Rb2 36. Bc5 Nc4 37. Bxa7 Rxb4 38. Kf2 Rb2+ 39. Kg3
Nd6 40. Ne1 Re2 41. Nd3 0-1

[Event "Harburg_ch Gruppe F"]
[Site "Hamburg"]
[Date "2011.08.20"]
[Round "2"]
[White "Malchau, Jochen"]
[Black "Raedisch, Peter"]
[Result "1/2-1/2"]
[WhiteElo "1660"]
[BlackElo "1757"]
[PlyCount "84"]
[EventDate "2011.08.19"]
[EventType "tourn"]
[EventRounds "1"]
[EventCountry "GER"]
[SourceDate "2011.08.19"]

1. d4 d5 2. c4 e6 3. Nc3 Nf6 4. Bg5 Be7 5. e3 Nbd7 6. Nf3 c6 7. Bd3 dxc4 8.
Bxc4 Nd5 9. Bxe7 Qxe7 10. O-O Nxc3 11. bxc3 e5 12. e4 O-O 13. Re1 Kh8 14. a4
Nb6 15. Bd3 Bg4 16. h3 Bxf3 17. Qxf3 Rad8 18. a5 Nc8 19. d5 Qc5 20. c4 Ne7 21.
Reb1 Qd4 22. Qe3 Qxe3 23. fxe3 Rb8 24. d6 Ng8 25. c5 Nf6 26. Rc1 a6 27. Rab1
Nd7 28. Be2 g6 29. g4 g5 30. Rb4 Kg7 31. Rbc4 f6 32. Rf1 h6 33. Kg2 Kg6 34. Kg3
Rh8 35. Rf5 Rhf8 36. Rc3 Rh8 37. Bd1 Rhf8 38. Bb3 Rfe8 39. Rc2 Rbd8 40. Rff2
Rb8 41. Rh2 Rbd8 42. Rc3 Rb8 1/2-1/2

[Event "Harburg_ch Gruppe F"]
[Site "Hamburg"]
[Date "2011.08.20"]
[Round "2"]
[White "Sakel, Nicolai"]
[Black "Olschok, Juergen"]
[Result "1/2-1/2"]
[WhiteElo "1665"]
[BlackElo "1794"]
[PlyCount "45"]
[EventDate "2011.08.19"]
[EventType "tourn"]
[EventRounds "1"]
[EventCountry "GER"]
[SourceDate "2011.08.19"]

1. c4 Nf6 2. g3 e6 3. Bg2 d5 4. Nf3 c6 5. b3 Be7 6. O-O O-O 7. Bb2 b6 8. e3 Bb7
9. Ne5 Nbd7 10. f4 Rc8 11. d4 c5 12. Nd2 Qc7 13. Rc1 Rfd8 14. Qe2 Ba6 15. Rfd1
cxd4 16. exd4 Qb8 17. Qe3 Bb7 18. Re1 Nf8 19. Bf3 dxc4 20. Ndxc4 Bxf3 21. Qxf3
Nd5 22. f5 Bf6 23. fxe6 {(=)} 1/2-1/2

[Event "Harburg_ch Gruppe F"]
[Site "Hamburg"]
[Date "2011.08.20"]
[Round "3"]
[White "Dinse, Michael"]
[Black "Sakel, Nicolai"]
[Result "1/2-1/2"]
[WhiteElo "1673"]
[BlackElo "1665"]
[PlyCount "44"]
[EventDate "2011.08.19"]
[EventType "tourn"]
[EventRounds "1"]
[EventCountry "GER"]
[SourceDate "2011.08.19"]

1. d4 Nf6 2. c4 e6 3. Nc3 Bb4 4. Qc2 c5 5. dxc5 O-O 6. Bf4 Bxc5 7. e3 b6 8. Nf3
Bb7 9. Be2 Nc6 10. a3 Rc8 11. O-O Be7 12. Rfd1 Na5 13. Nd2 d5 14. cxd5 Nxd5 15.
Nb3 Nxb3 16. Qxb3 Bc5 17. Bc4 Qf6 18. Bxd5 exd5 19. Nxd5 Qg6 20. Qd3 Qe6 21.
Nc3 Qc6 22. Qd5 Rcd8 1/2-1/2